Návrh a výroba súčiastky na CNC stroji

Enregistré dans:
Détails bibliographiques
Auteur principal: Bokor, Daniel (Auteur)
Autres auteurs: Pokorný, Peter (Directeur de thèse)
Format: Manuscrit Livre
Langue:slovaque
Publié: 2023
Sujets:
Accès en ligne:http://is.stuba.sk/zp/portal_zp.pl?podrobnosti=163981
Tags: Ajouter un tag
Pas de tags, Soyez le premier à ajouter un tag!

MARC

LEADER 00000ntm a22000003a 4500
001 stuzp93342
003 SK-STU
005 20230909214719.8
007 ta
008 150427s2015----xo-----f-mn---000-0-slo-d
040 |a STU  |b slo 
041 0 |a slo 
100 1 |a Bokor, Daniel  |u 063000  |4 aut  |U MTF Materiálovotechnologická fakulta  |T MTF Ústav výrobných technológií  |X 111798  |U M3000  |Y 83  |7 111798 
242 0 1 |a Design and production of the part on a CNC machine  |y eng 
245 1 0 |a Návrh a výroba súčiastky na CNC stroji 
260 |c 2023 
650 4 |a Fusion 360  |2 slo 
650 4 |a Sinumerik840D  |2 slo 
650 4 |a CNC program  |2 slo 
650 4 |a CNC stroj Spinner TC 600 C  |2 slo 
650 4 |a Fusion 360  |2 eng 
650 4 |a Sinumerik840D  |2 eng 
650 4 |a CNC software  |2 eng 
650 4 |a CNC machine Spinner TC 600 C  |2 eng 
700 1 |a Pokorný, Peter  |u 063200  |k Z1  |4 ths  |U MTF Ústav výrobných technológií  |T MTF Katedra obrábania a počítačovej podpory technológií  |X 2771  |U M3200  |Y 164  |7 A000002771 
856 4 |u http://is.stuba.sk/zp/portal_zp.pl?podrobnosti=163981 
996 |c M* BP-9525  |l MMSKP  |s P  |a 0  |w stuzp93342_0001